La Figli Del Decoratore Volevo qualcuno che fosse inreramente ed eternamente mio

Guardat en:
Dades bibliogràfiques
Autor principal: Rachel Hore
Format: Llibre
Idioma:idioma desconegut
Publicat: Tea
Etiquetes: Afegir etiqueta
Sense etiquetes, Sigues el primer a etiquetar aquest registre!

MARC

LEADER 00000nam a2200000Ia 4500
001 R-1172
003 CODICE-MESSINA
005 20260212102503.0
008 260211s9999 xx 000 0 und d
040 |c importazione_messina 
100 |a Rachel Hore  
245 0 |a La Figli Del Decoratore 
245 0 |b Volevo qualcuno che fosse inreramente ed eternamente mio 
260 |b Tea 
942 |2 ddc  |c BK 
952 |0 0  |1 0  |2 ddc  |4 0  |6 SCAFFALE_11_000000000000000__ROMANZI  |7 0  |9 32004  |a ME  |b ME  |d 2026-02-11  |l 0  |o SCAFFALE 11 - ROMANZI  |p R-1172  |r 2026-02-11 23:52:54  |w 2026-02-11  |x [REVISIONARE]  |y BK 
999 |c 27671  |d 27671